00607nam a2200145Ia 4500008004100000245017800041260003500219260000900254300000800263500001900271650001300290856006600303999001900369952007300388170516s9999 xx 000 0 und d aFormulation and evaluation of controlled release floating microspheres of tolperisone hydrochloride Pooja Jani, Kantilal Vadalia, Hiral Bagdai, Ronak Dedania, Paresh Manseta bAsian Journal of Pharmaceutics c2012 a6:3 aJuly-September xPharmacy uhttp://www.asiapharmaceutics.info/index.php/ajp/issue/view/29 c331375d331375 001040aCLbCLd2017-05-16l0r2017-05-16 00:00:00w2017-05-16yFOJ